000 00645cam a22002293a 4500
001 21406
003 PGUSA
005 20140828083445.0
008 070509s2007||||xxu|||||s|||||000 1 eng d
040 _aPGUSA
_beng
042 _adc
050 4 _aPQ
100 1 _aCastelo Branco, Camilo,
_d1825-1890
245 1 0 _aNovelas do Minho
_h[electronic resource] /
_cCamilo Castelo Branco
260 _bProject Gutenberg,
_c2007
506 _aPublic domain in the USA.
516 _aElectronic text
653 _aMinho (Portugal) -- Fiction
830 0 _aProject Gutenberg
_v21406
856 4 0 _uhttp://www.gutenberg.org/ebooks/21406
942 _cEB
999 _c250661
_d250661